000 00769cam a22002775a 4500
999 _c2900
_d2900
001 518853
003 OSt
005 20181019120423.0
008 001215s2000 stka j 001 0 eng d
015 _aGBA1-02404
020 _a1857925599
035 _a(OCoLC)ocm45593584
035 _a(OCoLC)ocm45593584
040 _aUKM
_cUKM
049 _aPTSJ
082 _a232
_bF352B
090 _aBT202
_b.F474 2000
100 1 _aFerguson, Sinclair B.
245 1 4 _aThe big book of questions and answers about Jesus /
_cSinclair B. Ferguson.
260 _aTain :
_bChristian Focus,
_c2000.
300 _a100 p. :
_bill. ;
_c30 cm.
504 _aIncludes index.
600 0 4 _aJesus Christ
_vMiscellanea.
650 0 _aChildren's questions and answers.
942 _2ddc
_cBK